Structure, context, and agency in the reproduction of black-on-black violence

Saved in:  
Bibliographic Details
Authors: Bruce, Marino A. (Author) ; Roscigno, Vincent J. (Author) ; McCall, Patricia L. (Author)
Format: Print Article
Language:English
Published: 1998
In: Theoretical criminology
Year: 1998, Volume: 2, Issue: 1, Pages: 29-55
Check availability: HBZ Gateway
Keywords:

MARC

LEADER 00000caa a22000002c 4500
001 1640085629
003 DE-627
005 20220608131043.0
007 tu
008 160223s1998 xx ||||| 00| ||eng c
035 |a (DE-627)1640085629 
035 |a (DE-576)456048871 
035 |a (DE-599)BSZ456048871 
040 |a DE-627  |b ger  |c DE-627  |e rakwb 
041 |a eng 
100 1 |a Bruce, Marino A.  |0 (DE-588)117699154X  |0 (DE-627)104828266X  |0 (DE-576)517225093  |4 aut 
109 |a Bruce, Marino A.  |a Bruce, Marino Anton 
245 1 0 |a Structure, context, and agency in the reproduction of black-on-black violence  |c Marino A. Bruce, Vincent J. Roscigno, Patricia L. McCall 
264 1 |c 1998 
336 |a Text  |b txt  |2 rdacontent 
337 |a ohne Hilfsmittel zu benutzen  |b n  |2 rdamedia 
338 |a Band  |b nc  |2 rdacarrier 
700 1 |a Roscigno, Vincent J.  |4 aut 
700 1 |a McCall, Patricia L.  |4 aut 
773 0 8 |i In  |t Theoretical criminology  |d London : Sage, 1997  |g 2(1998), 1, Seite 29-55  |w (DE-627)216376157  |w (DE-600)1338484-3  |w (DE-576)058070303  |x 1362-4806  |7 nnas 
773 1 8 |g volume:2  |g year:1998  |g number:1  |g pages:29-55 
776 1 |o 10.1177/1362480698002001002 
935 |a mkri 
951 |a AR 
ELC |b 1 
LOK |0 000 xxxxxcx a22 zn 4500 
LOK |0 001 3301388566 
LOK |0 003 DE-627 
LOK |0 004 1640085629 
LOK |0 005 20250407091027 
LOK |0 008 160208||||||||||||||||ger||||||| 
LOK |0 040   |a DE-21-110  |c DE-627  |d DE-21-110 
LOK |0 689   |a s  |a Gewalt 
LOK |0 689   |a s  |a Soziale Probleme 
LOK |0 689   |a g  |a USA 
LOK |0 689   |a s  |a Rassenprobleme 
LOK |0 689   |a s  |a Schwarze 
LOK |0 852   |a DE-21-110 
LOK |0 852 1  |m p  |9 00 
LOK |0 935   |a k110 
LOK |0 938   |k p 
LOK |0 939   |a 08-02-16  |b l01 
ORI |a SA-MARC-krimdoka001.raw